000 00328nam a2200133Ia 4500
008 150201s2006 xx 000 0 und d
082 _a611
_bA06K
100 _aKULKARNI,NEETA V
245 _aCLINICAL ANATOMY FOR STUDENTS
250 _a1ST
260 _bJAYPEE BROTHERS
_aDELHI
_c2006
650 _aHUMAN ANATOMY
942 _2ddc
_cBK
999 _c921
_d921